| 000 | 00663cab a2200217 4500 | ||
|---|---|---|---|
| 001 | A118 | ||
| 008 | 090401t1992 xxu||||| |||| 00| 0 eng d | ||
| 035 | _a(Sirsi) u27127 | ||
| 041 | _aeng | ||
| 100 | _aJones, Glower W. | ||
| 245 | _aConstruction contractors: the right to stop work | ||
| 260 | _c1992 | ||
| 350 | _a0 | ||
| 490 |
_aInternational Construction Law Review _v9(3) July 1992, 310-350(41) |
||
| 650 | _aCONTRACT CLAIMS | ||
| 650 | _aFIDIC CONDITIONS OF CONTRACT FOR WORKS OF CIVIL ENGINEERING CONSTRUCTION FOURTH EDITION | ||
| 650 | _aTERMINATION | ||
| 690 | _aBUILT ENVIRONMENT-BUILDING CONTRACT FORMS | ||
| 942 | _n0 | ||
| 948 | _c04/03/1997 | ||
| 999 |
_c18267 _d18267 |
||